| 000 | 01773nam a2200349 c 4500 | ||
|---|---|---|---|
| 999 |
_c111804 _d111804 |
||
| 003 | BLK | ||
| 005 | 20250201005443.0 | ||
| 008 | 180409b bul|||||r ||||||| ||bul|| | ||
| 010 | _aKNG00117155000 | ||
| 040 | _aBLK | ||
| 041 |
_aBUL _cBUL |
||
| 080 |
_aРуска литература _b821.161.1 _x-31 _z821.161.1-31 |
||
| 100 | 1 |
_aДостоевски, Фьодор Михайлович _d1821-1881 _eпърви автор _964791 |
|
| 139 |
_aДостоевски, Фьодор Михайлович _bД 82 |
||
| 245 | 1 | 0 |
_aПрестъпление и наказание _bРоман в 6 ч. и епилог _cФьодор Михайлович Достоевски; прев. от рус. Георги Константинов; * Георги Константинов Христов. |
| 250 | _a4. изд. | ||
| 257 | _aRUS | ||
| 260 |
_aСофия _bНар. култура _c1977 |
||
| 300 |
_a559 с. _c20 см |
||
| 380 | _aX | ||
| 500 | _a1. изд. 1960, включено в т. V на Събрани съчинения в 10 т. - Ориг. загл. Преступление и наказание / Федор М. Достоевский. - Пълното име на прев. е Георги Константинов Христов. | ||
| 700 |
_aКонстантинов, Георги _gХристов, Георги Константинов _9364908 |
||
| 700 | 1 |
_aХристов, Георги Константинов _e* _9366981 |
|
| 852 | _aЦб 89818 | ||
| 856 | 4 |
_qpdf _i0.00 _ldisable |
|
| 856 | 4 |
_qpdf _i0.00 _ldisable |
|
| 942 |
_cKNG _n0 _011 _s1 |
||
| 944 |
_aCR _c08.02.2005 _lCRON CRON _k |
||
| 944 |
_aED _c23.09.2010 _lф / |
||
| 944 |
_aED _c2022-11-07 _kХристина Везирева |
||
| 999 | _d111804 | ||